| 000 | 01126nam a2200289 a 4500 | ||
|---|---|---|---|
| 001 | 24885 | ||
| 003 | CO-ViMGA | ||
| 005 | 20230915232023.0 | ||
| 008 | 141112s2004 ck r 000 u spa d | ||
| 020 | _a9786077072324 | ||
| 040 |
_aCO-ViMGA _bspa _cCO-ViMGA |
||
| 041 | _aspa eng | ||
| 082 | 0 | 4 | _a621.319 D67c |
| 100 | 1 |
_aDorf, Richard C. _99915 |
|
| 245 | 1 | 0 |
_aCircuitos eléctricos / _cRichard C. Dorf, James A. Svoboda ; traducción al español Francisco José Rodríguez Ramírez ; con la colaboración de Francisco Javier Rodríguez Cruz. |
| 250 | _a8a.ed. | ||
| 260 |
_aMéxico : _bAlfaomega, _c2011 |
||
| 300 | _axxi, 886 p. : il. ; 26 cm. | ||
| 504 | _aIncluye bibliografía e índice. | ||
| 650 | 1 | 4 |
_aAnálisis de circuitos eléctricos _937214 |
| 650 | 1 | 4 | _aCircuitos eléctricos |
| 650 | 1 | 4 | _aIngeniería eléctrica. |
| 700 | 1 |
_aSvoboda, James A. _937215 |
|
| 942 |
_2ddc _cBK |
||
| 999 |
_c32683 _d32683 |
||